[Event "Titled Tuesday intern op 14th May Early"]
[Site "Chess.com INT"]
[Date "2024.05.14"]
[Round "7"]
[White "Dimitrijevic, Darko"]
[Black "Filippova, Margarita"]
[Result "0-1"]
[WhiteElo "2167"]
[BlackElo "2007"]
[PlyCount "142"]
[EventDate "2024.05.14"]
[EventType "swiss (blitz)"]
[EventRounds "11"]
[EventCountry "USA"]
[SourceTitle "EXT 2025"]
[Source "ChessBase"]
[SourceDate "2024.10.14"]
[SourceVersion "1"]
[SourceVersionDate "2024.10.14"]
[SourceQuality "1"]

1. c4 Nf6 2. b3 d5 3. cxd5 Nxd5 4. Bb2 Nf6 5. g3 c5 6. Bg2 e6 7. Nf3 Nc6 8. d3 Be7 9. 0-0 0-0 10. Nbd2 Rb8 11. Rc1 b6 12. Nc4 Bb7 13. Qc2 Nb4 14. Qb1 Rc8 15. a3 Nc6 16. Nfe5 Nxe5 17. Bxb7 Nxc4 18. bxc4 Rb8 19. Bf3 Nd7 20. Bc3 Bf6 21. a4 Bxc3 22. Rxc3 Qf6 23. Rb3 Ne5 24. Bg2 Rbd8 25. a5 bxa5 26. Rb7 Rd7 27. Rb5 Rc7 28. Rxa5 h5 29. h4 g5 30. hxg5 Qxg5 31. Qb2 h4 32. gxh4 Qh5 33. Rfa1 Ng4 34. Bf3 Qxh4 35. Bxg4 Qxg4+ 36. Kf1 Qh3+ 37. Ke1 Qg2 38. Qf6 Ra8 39. Kd2 Qg7 40. Qxg7+ Kxg7 41. Rb1 Kf6 42. Rbb5 Rac8 43. Ra6 Ke7 44. Kc3 Kd7 45. Rba5 Ra8 46. Kc2 Kc8 47. Rd6 Kb7 48. Rda6 Rc6 49. Rxc6 Kxc6 50. Kd2 a6 51. Ke3 Kb6 52. Ra1 a5 53. Kd2 a4 54. Kc2 Ka5 55. Kb2 Rb8+ 56. Ka2 Rb3 57. Rg1 Kb4 58. Rg8 Kc3 59. Rf8 Rb2+ 60. Ka3 Rxe2 61. Rxf7 Kxd3 62. Rf4 e5 63. Rh4 e4 64. Kxa4 Kxc4 65. f3 Kd3 66. fxe4 Rxe4+ 67. Rxe4 Kxe4 68. Kb3 Kd3 69. Kb2 c4 70. Kc1 Kc3 71. Kb1 Kd2 0-1

[Event "Titled Tuesday intern op 14th May Early"]
[Site "Chess.com INT"]
[Date "2024.05.14"]
[Round "5"]
[White "Dimitrijevic, Darko"]
[Black "Senthilkumar, Pranav"]
[Result "0-1"]
[WhiteElo "2167"]
[BlackElo "1912"]
[PlyCount "64"]
[EventDate "2024.05.14"]
[EventType "swiss (blitz)"]
[EventRounds "11"]
[EventCountry "USA"]
[SourceTitle "EXT 2025"]
[Source "ChessBase"]
[SourceDate "2024.10.14"]
[SourceVersion "1"]
[SourceVersionDate "2024.10.14"]
[SourceQuality "1"]

1. c4 Nf6 2. b3 e6 3. Bb2 d5 4. g3 Be7 5. Bg2 0-0 6. d3 Nbd7 7. Nd2 c6 8. Rc1 Re8 9. e3 Nf8 10. Ne2 Ng6 11. 0-0 b6 12. Qc2 Bb7 13. Qb1 c5 14. a3 Rc8 15. Qa1 Qd7 16. Rfd1 dxc4 17. dxc4 Bxg2 18. Kxg2 Qb7+ 19. Kg1 Rcd8 20. Nf4 Nxf4 21. gxf4 h5 22. Nf1 h4 23. Rxd8 Rxd8 24. Re1 h3 25. e4 Nxe4 26. Bxg7 Ng5 27. Ne3 Nf3+ 28. Kf1 Nxe1 29. Kxe1 Qh1+ 30. Nf1 Qe4+ 31. Ne3 Bh4 32. Qc3 Rd3 0-1

[Event "Titled Tuesday intern op 14th May Early"]
[Site "Chess.com INT"]
[Date "2024.05.14"]
[Round "4"]
[White "Yonal, Timur"]
[Black "Dimitrijevic, Darko"]
[Result "0-1"]
[WhiteElo "2079"]
[BlackElo "2167"]
[PlyCount "60"]
[EventDate "2024.05.14"]
[EventType "swiss (blitz)"]
[EventRounds "11"]
[EventCountry "USA"]
[SourceTitle "EXT 2025"]
[Source "ChessBase"]
[SourceDate "2024.10.14"]
[SourceVersion "1"]
[SourceVersionDate "2024.10.14"]
[SourceQuality "1"]

1. e4 g6 2. d4 Bg7 3. c4 b6 4. Nc3 Bb7 5. Nf3 d6 6. Bd3 Nd7 7. 0-0 e6 8. Re1 Ne7 9. Qc2 0-0 10. b3 a6 11. Bb2 c5 12. d5 e5 13. a3 f5 14. Ng5 Qc8 15. Ne6 Rf7 16. f3 Bh8 17. Na4 f4 18. b4 h6 19. bxc5 bxc5 20. Bc3 Ra7 21. Ba5 Nf8 22. Nb6 Qe8 23. Nc7 Qb8 24. Ne6 Nxe6 25. dxe6 Rh7 26. Rab1 Nc6 27. Nd7 Qe8 28. Bb6 Qxe6 29. Bc7 Rxd7 30. Bb6 Ra8 0-1

[Event "Titled Tuesday intern op 07th May Early"]
[Site "Chess.com INT"]
[Date "2024.05.07"]
[Round "1"]
[White "Dimitrijevic, Darko"]
[Black "Yakovlev, Egor"]
[Result "1-0"]
[WhiteElo "2167"]
[BlackElo "2167"]
[PlyCount "49"]
[EventDate "2024.05.07"]
[EventType "swiss (blitz)"]
[EventRounds "11"]
[EventCountry "USA"]
[SourceTitle "EXT 2025"]
[Source "ChessBase"]
[SourceDate "2024.10.14"]
[SourceVersion "1"]
[SourceVersionDate "2024.10.14"]
[SourceQuality "1"]

1. c4 g6 2. g3 Bg7 3. Bg2 c5 4. Nc3 Nc6 5. d3 d6 6. a3 e5 7. Nf3 Nge7 8. 0-0 0-0 9. Bg5 f6 10. Bd2 Be6 11. Rb1 a5 12. e4 h6 13. Qc1 Kh7 14. h3 f5 15. Nd5 a4 16. b4 axb3 17. Rxb3 Bxd5 18. exd5 Nd4 19. Nxd4 exd4 20. Rxb7 Rxa3 21. Qxa3 g5 22. f4 Ng6 23. Qa7 Qf6 24. fxg5 hxg5 25. Be4 1-0

[Event "Titled Tuesday intern op 07th May Early"]
[Site "Chess.com INT"]
[Date "2024.05.07"]
[Round "8"]
[White "Murthy, Pappu LN"]
[Black "Dimitrijevic, Darko"]
[Result "0-1"]
[WhiteElo "1892"]
[BlackElo "2167"]
[PlyCount "64"]
[EventDate "2024.05.07"]
[EventType "swiss (blitz)"]
[EventRounds "11"]
[EventCountry "USA"]
[SourceTitle "EXT 2025"]
[Source "ChessBase"]
[SourceDate "2024.10.14"]
[SourceVersion "1"]
[SourceVersionDate "2024.10.14"]
[SourceQuality "1"]

1. e4 g6 2. d4 Bg7 3. Nc3 b6 4. f4 Bb7 5. Nf3 d6 6. Bd3 Nd7 7. 0-0 e6 8. Kh1 Ne7 9. Qe1 0-0 10. Be3 c5 11. dxc5 Nxc5 12. Rd1 Qb8 13. Qh4 f6 14. f5 g5 15. Bxg5 fxg5 16. Nxg5 h6 17. Nxe6 Nxe6 18. Qxe7 Re8 19. Qh4 Ng5 20. f6 Bf8 21. Bc4+ Kh7 22. e5 Rxe5 23. Nd5 Qd8 24. Bd3+ Kg8 25. Ne7+ Bxe7 26. Qxh6 Bf8 27. Qg6+ Kh8 28. h4 Qe8 29. f7 Re4 30. fxe8Q Rxh4+ 31. Kg1 Rxe8 32. Qxg5 Be7 0-1

[Event "Titled Tuesday intern op 05th Dec Early"]
[Site "Chess.com INT"]
[Date "2023.12.05"]
[Round "3"]
[White "Marcziter, Dmitrii"]
[Black "Dimitrijevic, Darko"]
[Result "0-1"]
[WhiteElo "2192"]
[BlackElo "2167"]
[PlyCount "86"]
[EventDate "2023.12.05"]
[EventType "swiss (blitz)"]
[EventRounds "11"]
[EventCountry "USA"]
[SourceTitle "EXT 2025"]
[Source "ChessBase"]
[SourceDate "2024.10.14"]
[SourceVersion "1"]
[SourceVersionDate "2024.10.14"]
[SourceQuality "1"]

1. d4 Nf6 2. c4 e6 3. Nf3 b6 4. a3 Ba6 5. Qc2 c5 6. e4 d6 7. Nc3 Be7 8. e5 Nfd7 9. Qe4 d5 10. cxd5 Bb7 11. Bc4 0-0 12. 0-0 a6 13. Qg4 b5 14. Ba2 exd5 15. Nxd5 c4 16. Bh6 g6 17. Nxe7+ Qxe7 18. Bxf8 Nxf8 19. Rad1 Bd5 20. Bb1 Ne6 21. Rfe1 Nd7 22. h4 Nb6 23. h5 Kg7 24. Be4 Rd8 25. Bxd5 Nxd5 26. Nd2 c3 27. bxc3 Nxc3 28. Ne4 Nxd1 29. Rxd1 Nxd4 30. f4 Qxa3 31. h6+ Kf8 32. Qh4 Ne2+ 33. Kf2 Rxd1 34. Qf6 Ke8 35. Nd6+ Kd7 36. Qxf7+ Kc6 37. Qe8+ Kc5 38. Qc8+ Kb4 39. Kxe2 Qd3+ 40. Kf2 Rd2+ 41. Kg1 Rd1+ 42. Kh2 Qd4 43. Qf8 Ka4 0-1

[Event "Titled Tuesday intern op 05th Dec Early"]
[Site "Chess.com INT"]
[Date "2023.12.05"]
[Round "5"]
[White "Pham, Le Thao Nguyen"]
[Black "Dimitrijevic, Darko"]
[Result "1-0"]
[WhiteElo "2395"]
[BlackElo "2167"]
[PlyCount "53"]
[EventDate "2023.12.05"]
[EventType "swiss (blitz)"]
[EventRounds "11"]
[EventCountry "USA"]
[SourceTitle "EXT 2025"]
[Source "ChessBase"]
[SourceDate "2024.10.14"]
[SourceVersion "1"]
[SourceVersionDate "2024.10.14"]
[SourceQuality "1"]

1. d4 Nf6 2. Nf3 e6 3. Bf4 b6 4. e3 c5 5. Nbd2 Nc6 6. Nc4 d5 7. Nce5 Nxe5 8. Nxe5 a6 9. c3 c4 10. b3 b5 11. a4 Bd7 12. axb5 axb5 13. bxc4 bxc4 14. f3 Be7 15. Be2 0-0 16. 0-0 Qb6 17. Bg3 Ba3 18. Bh4 Ba4 19. Qd2 Qb2 20. Qe1 Bc2 21. Bxf6 gxf6 22. Nd7 Rfd8 23. Nxf6+ Kg7 24. Nh5+ Kg6 25. Qh4 Qxc3 26. Qf6+ Kxh5 27. g4# 1-0

[Event "Titled Tuesday intern op 14th Nov Late"]
[Site "Chess.com INT"]
[Date "2023.11.14"]
[Round "8"]
[White "Dimitrijevic, Darko"]
[Black "Su, Dion"]
[Result "0-1"]
[WhiteElo "2167"]
[BlackElo "1922"]
[PlyCount "48"]
[EventDate "2023.11.14"]
[EventType "swiss (blitz)"]
[EventRounds "11"]
[EventCountry "USA"]
[SourceTitle "EXT 2025"]
[Source "ChessBase"]
[SourceDate "2024.10.14"]
[SourceVersion "1"]
[SourceVersionDate "2024.10.14"]
[SourceQuality "1"]

1. e4 e6 2. d4 d5 3. exd5 exd5 4. Nf3 Bd6 5. Bd3 Ne7 6. 0-0 Nbc6 7. Bg5 f6 8. Bh4 Bg4 9. h3 Bh5 10. c3 Qd7 11. Nbd2 0-0-0 12. Bg3 g5 13. Bxd6 Qxd6 14. b4 Rdg8 15. b5 Nd8 16. Qa4 g4 17. hxg4 Rxg4 18. Nh2 Rg7 19. Kh1 Bg6 20. Be2 Kb8 21. Ndf3 Ne6 22. g3 h5 23. Nh4 Be4+ 24. f3 Qxg3 0-1

[Event "Titled Tuesday intern op 14th Nov Late"]
[Site "Chess.com INT"]
[Date "2023.11.14"]
[Round "4"]
[White "Gulamirian, Korun"]
[Black "Dimitrijevic, Darko"]
[Result "0-1"]
[WhiteElo "1816"]
[BlackElo "2167"]
[PlyCount "66"]
[EventDate "2023.11.14"]
[EventType "swiss (blitz)"]
[EventRounds "11"]
[EventCountry "USA"]
[SourceTitle "EXT 2025"]
[Source "ChessBase"]
[SourceDate "2024.10.14"]
[SourceVersion "1"]
[SourceVersionDate "2024.10.14"]
[SourceQuality "1"]

1. e4 d6 2. d4 c6 3. f4 Nf6 4. Nc3 Qb6 5. Nf3 Bg4 6. Be3 d5 7. e5 Ne4 8. Be2 Qxb2 9. Nxe4 dxe4 10. Nd2 Bxe2 11. Kxe2 e6 12. Rb1 Qxa2 13. Rxb7 Qa6+ 14. Kf2 Qxb7 15. Nxe4 Nd7 16. Qa1 Rb8 17. Qc3 Be7 18. Ra1 a6 19. Nd6+ Bxd6 20. exd6 0-0 21. Qd3 Qb5 22. Qa3 Nf6 23. Kf3 Nd5 24. Qxa6 Qb2 25. Ra2 Qc3 26. Qa3 Rfd8 27. Qxc3 Nxc3 28. Ra6 Rxd6 29. f5 Nd5 30. Bf2 Rc8 31. Bg3 Rd7 32. c4 Nf6 33. fxe6 fxe6 0-1

[Event "Titled Tuesday intern op 10th Oct Early"]
[Site "Chess.com INT"]
[Date "2023.10.10"]
[Round "1"]
[White "Dimitrijevic, Darko"]
[Black "Farahat, Ali"]
[Result "0-1"]
[WhiteElo "2167"]
[BlackElo "2327"]
[PlyCount "76"]
[EventDate "2023.10.10"]
[EventType "swiss (blitz)"]
[EventRounds "11"]
[EventCountry "USA"]
[SourceTitle "EXT 2025"]
[Source "ChessBase"]
[SourceDate "2024.10.14"]
[SourceVersion "1"]
[SourceVersionDate "2024.10.14"]
[SourceQuality "1"]

1. c4 c6 2. d4 d5 3. cxd5 cxd5 4. Nc3 Nf6 5. Bf4 Nc6 6. e3 Bf5 7. Bd3 Bxd3 8. Qxd3 e6 9. Nf3 Be7 10. 0-0 0-0 11. Rac1 Rc8 12. Qb5 Qd7 13. a3 Nh5 14. Bg3 Nxg3 15. hxg3 Rc7 16. Na4 Rfc8 17. Nc5 Bxc5 18. Rxc5 Nb8 19. Ne5 Qxb5 20. Rxb5 f6 21. Nd3 b6 22. a4 Nc6 23. Rc1 Na5 24. Rxc7 Rxc7 25. Kf1 Nc4 26. Ke1 Kf7 27. Kd1 Ke7 28. g4 g5 29. g3 Nd6 30. Rb3 Rc4 31. Ra3 Ne4 32. a5 b5 33. a6 Rc6 34. Rb3 Nd6 35. Nc5 Rb6 36. Ke2 b4 37. f4 h6 38. Kf3 Nc4 0-1

[Event "Titled Tuesday intern op 10th Oct Early"]
[Site "Chess.com INT"]
[Date "2023.10.10"]
[Round "6"]
[White "Nithyalakshmi, Sivanesan"]
[Black "Dimitrijevic, Darko"]
[Result "1-0"]
[WhiteElo "1842"]
[BlackElo "2167"]
[PlyCount "41"]
[EventDate "2023.10.10"]
[EventType "swiss (blitz)"]
[EventRounds "11"]
[EventCountry "USA"]
[SourceTitle "EXT 2025"]
[Source "ChessBase"]
[SourceDate "2024.10.14"]
[SourceVersion "1"]
[SourceVersionDate "2024.10.14"]
[SourceQuality "1"]

1. e4 d6 2. Nc3 Nf6 3. f4 e5 4. fxe5 dxe5 5. Bc4 Bg4 6. Nf3 Nbd7 7. 0-0 Bc5+ 8. Kh1 0-0 9. d3 h6 10. Qe1 Kh8 11. Be3 Bxe3 12. Qxe3 c6 13. a4 Qe7 14. a5 b5 15. axb6 axb6 16. Bb3 Be6 17. Bxe6 Qxe6 18. Nh4 Qd6 19. Nf5 Qb4 20. Qg3 Rg8 21. Rxa8 1-0

[Event "Titled Tuesday intern op 03rd Oct Early"]
[Site "Chess.com INT"]
[Date "2023.10.03"]
[Round "7"]
[White "Dimitrijevic, Darko"]
[Black "Bilan, Danila"]
[Result "0-1"]
[WhiteElo "2167"]
[BlackElo "2303"]
[PlyCount "90"]
[EventDate "2023.10.03"]
[EventType "swiss (blitz)"]
[EventRounds "11"]
[EventCountry "USA"]
[SourceTitle "EXT 2025"]
[Source "ChessBase"]
[SourceDate "2024.10.14"]
[SourceVersion "1"]
[SourceVersionDate "2024.10.14"]
[SourceQuality "1"]

1. c4 c6 2. g3 d5 3. b3 Nf6 4. Bb2 Bf5 5. Bg2 e6 6. d3 Nbd7 7. Nd2 Bc5 8. e4 Bg4 9. f3 Qb6 10. Nh3 Bh5 11. e5 Ng8 12. a3 a5 13. Bc3 Bd4 14. Qc2 Nxe5 15. 0-0-0 Bg6 16. Nf4 Ne7 17. Rhe1 Nd7 18. h4 h5 19. Nxg6 Nxg6 20. f4 Ne7 21. Nf3 Bf2 22. Re2 Bxg3 23. Bxg7 Bxf4+ 24. Kb2 Rg8 25. Bd4 Qc7 26. c5 0-0-0 27. Bh3 Kb8 28. Ng5 e5 29. Bg1 Nf6 30. Rf1 Ng4 31. d4 Ng6 32. dxe5 Bxe5+ 33. Ka2 Rgf8 34. Be3 Rde8 35. Bd2 Ka7 36. Rg2 Bf4 37. Bxg4 hxg4 38. Rxg4 Re2 39. Rd1 Bxd2 40. Rxd2 Rxd2 41. Qxd2 Re8 42. Rd4 Ne5 43. Qf2 f6 44. Nf3 Ng4 45. Qg2 Ne3 0-1

[Event "Titled Tuesday intern op 03rd Oct Early"]
[Site "Chess.com INT"]
[Date "2023.10.03"]
[Round "8"]
[White "Dimitrijevic, Darko"]
[Black "Hrebenshchykova, Yelyzaveta"]
[Result "0-1"]
[WhiteElo "2167"]
[BlackElo "2299"]
[PlyCount "46"]
[EventDate "2023.10.03"]
[EventType "swiss (blitz)"]
[EventRounds "11"]
[EventCountry "USA"]
[SourceTitle "EXT 2025"]
[Source "ChessBase"]
[SourceDate "2024.10.14"]
[SourceVersion "1"]
[SourceVersionDate "2024.10.14"]
[SourceQuality "1"]

1. c4 Nf6 2. g3 g6 3. b3 Bg7 4. Bb2 0-0 5. Bg2 c5 6. e3 Nc6 7. Ne2 e5 8. d3 d6 9. Nbc3 Be6 10. 0-0 d5 11. cxd5 Nxd5 12. a3 Rc8 13. Rc1 b6 14. Ne4 f5 15. N4c3 Nde7 16. Rc2 Bxb3 17. Qd2 Bxc2 18. Qxc2 Qd7 19. Rd1 Rfd8 20. Nc1 Kh8 21. N3e2 Na5 22. Nb3 Nxb3 23. Qxb3 c4 0-1

[Event "Titled Tuesday intern op 03rd Oct Early"]
[Site "Chess.com INT"]
[Date "2023.10.03"]
[Round "2"]
[White "Dimitrijevic, Darko"]
[Black "Janaszak, Dawid"]
[Result "0-1"]
[WhiteElo "2167"]
[BlackElo "2308"]
[PlyCount "120"]
[EventDate "2023.10.03"]
[EventType "swiss (blitz)"]
[EventRounds "11"]
[EventCountry "USA"]
[SourceTitle "EXT 2025"]
[Source "ChessBase"]
[SourceDate "2024.10.14"]
[SourceVersion "1"]
[SourceVersionDate "2024.10.14"]
[SourceQuality "1"]

1. c4 e6 2. b3 d5 3. Bb2 Nf6 4. g3 Nc6 5. Bg2 Be7 6. Nf3 0-0 7. 0-0 d4 8. d3 e5 9. a3 a5 10. Nbd2 Bf5 11. Ne1 Qd7 12. Nc2 Bh3 13. Nf3 Rfe8 14. Qd2 e4 15. dxe4 Nxe4 16. Qe1 Bxg2 17. Kxg2 d3 18. exd3 Qxd3 19. Ne3 Qxb3 20. Rb1 Qa2 21. Qc1 Bf6 22. Bxf6 Nxf6 23. Rxb7 Rac8 24. Re1 Ne4 25. Qb2 Qxb2 26. Rxb2 Nc5 27. Rd1 f6 28. Nd5 Re4 29. Rb5 Rxc4 30. Ne3 Rc3 31. Nd4 Nxd4 32. Rxd4 Ne6 33. Re4 Nc5 34. Rd4 Nb3 35. Rd7 a4 36. Nd5 Rc5 37. Ne7+ Kf8 38. Rb7 Re8 39. Nd5 Na5 40. Rbxc7 Rxc7 41. Rxc7 Re5 42. Nb6 Re4 43. Ra7 Nc4 44. Rxa4 Nd6 45. Ra8+ Kf7 46. a4 Re2 47. a5 Ra2 48. a6 Nb5 49. Nc8 Nc7 50. Ra7 Ke6 51. Rxc7 Rxa6 52. Rxg7 h5 53. Rh7 Rc6 54. Rxh5 Rxc8 55. h4 Rc2 56. Rb5 Kf7 57. g4 Kg6 58. Kg3 Rc3+ 59. f3 Ra3 60. h5+ Kg7 0-1

[Event "Titled Tuesday intern op 03rd Oct Early"]
[Site "Chess.com INT"]
[Date "2023.10.03"]
[Round "1"]
[White "Dimitrijevic, Darko"]
[Black "Smirnov, Mark1"]
[Result "1-0"]
[WhiteElo "2167"]
[BlackElo "2005"]
[PlyCount "125"]
[EventDate "2023.10.03"]
[EventType "swiss (blitz)"]
[EventRounds "11"]
[EventCountry "USA"]
[SourceTitle "EXT 2025"]
[Source "ChessBase"]
[SourceDate "2024.10.14"]
[SourceVersion "1"]
[SourceVersionDate "2024.10.14"]
[SourceQuality "1"]

1. d4 Nf6 2. c4 e6 3. Nc3 Bb4 4. e3 0-0 5. Nf3 b6 6. Bd3 Bb7 7. 0-0 d5 8. a3 Bxc3 9. bxc3 Nbd7 10. Qc2 c5 11. Bb2 Qe7 12. Rac1 Rac8 13. Qb1 dxc4 14. Bxc4 e5 15. Nd2 cxd4 16. cxd4 e4 17. Be2 Bd5 18. Rxc8 Rxc8 19. Rc1 Qd8 20. Bc3 Qc7 21. Ba6 Bb7 22. Be2 Nf8 23. g3 Ne6 24. h4 Qd7 25. Bb5 Bc6 26. Ba6 Bb7 27. Bb5 Qd5 28. Be2 Qf5 29. Qb5 Qxb5 30. Bxb5 Nd5 31. Bb2 Rxc1+ 32. Bxc1 f5 33. Nc4 Ndc7 34. Bd7 Bd5 35. Ne5 g6 36. Bd2 Kf8 37. Bb4+ Kg7 38. Bd6 Kf6 39. Kf1 b5 40. Ke2 h6 41. Kd2 g5 42. hxg5+ hxg5 43. Kc3 a5 44. Bc8 b4+ 45. axb4 Nb5+ 46. Kd2 Nxd6 47. Bxe6 Kxe6 48. bxa5 Nc4+ 49. Kc3 Nxe5 50. dxe5 Kxe5 51. Kb4 Bb7 52. Kc5 Ba6 53. Kb6 Be2 54. a6 Bxa6 55. Kxa6 f4 56. gxf4+ gxf4 57. Kb5 f3 58. Kc4 Kf5 59. Kd4 Kg5 60. Kxe4 Kg4 61. Kd3 Kh3 62. e4 Kg2 63. Ke3 1-0

[Event "Titled Tuesday intern op 03rd Oct Early"]
[Site "Chess.com INT"]
[Date "2023.10.03"]
[Round "11"]
[White "Dimitrijevic, Darko"]
[Black "Wilson, Otis"]
[Result "0-1"]
[WhiteElo "2167"]
[BlackElo "1970"]
[PlyCount "44"]
[EventDate "2023.10.03"]
[EventType "swiss (blitz)"]
[EventRounds "11"]
[EventCountry "USA"]
[SourceTitle "EXT 2025"]
[Source "ChessBase"]
[SourceDate "2024.10.14"]
[SourceVersion "1"]
[SourceVersionDate "2024.10.14"]
[SourceQuality "1"]

1. c4 d6 2. g3 Nf6 3. Bg2 Nbd7 4. b3 g6 5. Bb2 Bg7 6. Nf3 0-0 7. Nc3 c6 8. Qc2 e5 9. d4 Qc7 10. 0-0 Re8 11. Rfe1 h6 12. e4 Nf8 13. Rad1 Bg4 14. h3 Bxf3 15. Bxf3 exd4 16. Rxd4 Rad8 17. Rd2 d5 18. cxd5 cxd5 19. Qd1 dxe4 20. Nxe4 Nxe4 21. Bxg7 Nxd2 22. Bxf8 Nxf3+ 0-1

[Event "Titled Tuesday intern op 03rd Oct Early"]
[Site "Chess.com INT"]
[Date "2023.10.03"]
[Round "4"]
[White "Dimitrijevic, Darko"]
[Black "Zavgorodniy, Sergiy"]
[Result "0-1"]
[WhiteElo "2167"]
[BlackElo "2416"]
[PlyCount "50"]
[EventDate "2023.10.03"]
[EventType "swiss (blitz)"]
[EventRounds "11"]
[EventCountry "USA"]
[SourceTitle "EXT 2025"]
[Source "ChessBase"]
[SourceDate "2024.10.14"]
[SourceVersion "1"]
[SourceVersionDate "2024.10.14"]
[SourceQuality "1"]

1. c4 Nf6 2. g3 e5 3. Bg2 c6 4. Nc3 d5 5. cxd5 cxd5 6. Qb3 Nc6 7. Nxd5 Nd4 8. Nxf6+ Qxf6 9. Qd1 Bf5 10. e4 Qc6 11. Kf1 Bxe4 12. Bxe4 Qxe4 13. f3 Qd3+ 14. Kg2 Rc8 15. b3 Rc2 16. Nh3 Bd6 17. Nf2 Qg6 18. Re1 0-0 19. d3 Rfc8 20. Bd2 f5 21. b4 h6 22. a4 Qf7 23. b5 Qd5 24. Rb1 Rxd2 25. Qxd2 Nxf3 0-1